000 01414nam a2200337Ia 4500
001 ebr10112402
003 CaPaEBR
006 m u
007 cr cn|||||||||
008 051007s2005 ncua sb 001 0 eng d
010 _z 2005282939
020 _z0738490660
040 _aCaPaEBR
_cCaPaEBR
035 _a(OCoLC)560097439
050 1 4 _aTK5105.8885.W43
_bE87 2005eb
245 0 0 _aExploring WebSphere Studio Enterprise Developer V5.1.2
_h[electronic resource] /
_cIBM, International Technical Support Organization.
250 _a1st ed.
260 _aResearch Triangle Park, NC :
_bIBM, International Technical Support Organization,
_cc2005.
300 _axvi, 532 p. :
_bill.
490 1 _aIBM redbooks
504 _aIncludes bibliographical references (p. 522-524) and index.
533 _aElectronic reproduction.
_bPalo Alto, Calif. :
_cebrary,
_d2009.
_nAvailable via World Wide Web.
_nAccess may be limited to ebrary affiliated libraries.
630 0 0 _aWebSphere.
650 0 _aWeb services.
650 0 _aApplication software
_xDevelopment.
655 7 _aElectronic books.
_2local
710 2 _aInternational Business Machines Corporation.
_bInternational Technical Support Organization.
710 2 _aebrary, Inc.
830 0 _aIBM redbooks.
856 4 0 _uhttp://site.ebrary.com/lib/rucke/Doc?id=10112402
_zAn electronic book accessible through the World Wide Web; click to view
999 _c106537
_d106537